000 00585nam a2200205 a 4500
001 000026941
003 DO-SdBNP
005 20240316073904.0
007 ta
008 110328s1991 dr ad 000 | spa d
040 _aDO-SdBNP
_bspa
_cBNPHU
049 _aBNPD
082 4 _222
100 1 _aVeloz Maggiolo, Marcio,
_d1936-2021
_91104
245 1 0 _aPanorama histórico del Caribe precolombino.
260 _aSanto Domingo :
_bBanco Central de la República Dominicana,
_c1991.
300 _a262 p. :
_bil., diagr. ;
_c29 cm.
590 _aInventariado, 2022/BT
942 _2ddc
_cLBS1
999 _c26433
_d26433